LEADER 01022nam a2200265 i 4500 001 000000156514 003 CaOOAMICUS 005 20061206000000.0 008 061206s2002 it u000 u ita u 013 $a133869 020 $a88-17-86970-8 040 $aSeMil$bita 100 1 $aAlberoni, Francesco,$d<1929-2023>.$0(OLS)http://semarc/name/7374 245 12$aL'arte del comando /$cFrancesco Alberoni. 260 $aMilano :$bRizzoli,$ccopyr. 2002. 300 $a232 p. ;$c23 cm. 490 0 $aI libri di Francesco Alberoni 650 4$aComando - Psicologia.$0(OLS)http://semarc/subject/29506 830 2$aI libri di Francesco Alberoni.$0(OLS)http://semarc/title/21105 850 $aSeMil 852 $aSeMil$W1$xVenegono$y1$m3N IV 455$j108277$B108277$CSeMilBibl$Z2$F121357 $81 961 $aOmaggio: Altro 996 $6020$a88-17-86970-8$9(OLS)http://semarc/number/146677 996 $6245$aL'arte del comando$9(OLS)http://semarc/title/229413 996 $6260$aMilano :$bRizzoli$9(OLS)http://semarc/publisher/29824 LEADER 01435nam a2200301 i 4500 001 000000084882 003 CaOOAMICUS 005 20170912000000.0 008 170912s2015 it u000 u ita u 013 $a57122 020 $a9 78-88-6124-581-5 040 $aSeMil$bita 100 1 $aCarfora, Anna,$d<1959- >.$0(OLS)http://semarc/name/91546 245 13$aIl cristiano tra potere e mondanità :$b15 malattie secondo papa Francesco /$cAnna Carfora, Sergio Tanzarella ; introduzione di Nunzio Galantino. 260 $aTrapani :$bIl pozzo di Giacobbe,$c2015. 300 $a133 p. ;$c17 cm. 490 0 $aOasi ;$v13 650 4$aChiesa - Rinnovamento.$0(OLS)http://semarc/subject/3473 650 4$aFrancesco I - Magistero.$0(OLS)http://semarc/subject/43029 700 1 $aTanzarella, Sergio,$d<1959- >.$0(OLS)http://semarc/name/89122 700 1 $aGalantino, Nunzio,$c.$0(OLS)http://semarc/name/16055 830 0$aOasi ;$v13.$0(OLS)http://semarc/title/44128 850 $aSeMil 852 $aSeMil$W1$xVenegono$y1$m2A I 380$j49048$B49048$CSeMilBibl$Z2$F52481 $81 961 $aOmaggio: Perego don Stefano 996 $6020$a9 78-88-6124-581-5$9(OLS)http://semarc/number/271636 996 $6245$aIl cristiano tra potere e mondanità :$b15 malattie secondo papa Francesco$9(OLS)http://semarc/title/405574 996 $6260$aTrapani :$bIl pozzo di Giacobbe$9(OLS)http://semarc/publisher/31941